[Event "Batumi BCSA op"]
[Site "Batumi"]
[Date "2003.07.20"]
[Round "4"]
[White "Bayramov, Vougar"]
[Black "Kamadadze, Zviad"]
[Result "1-0"]
[WhiteElo "2345"]
[BlackElo "2208"]
[PlyCount "153"]
[EventDate "2003.07.16"]
[EventType "swiss"]
[EventRounds "9"]
[EventCountry "GEO"]
[SourceTitle "CBM 095 Extra"]
[Source "ChessBase"]
[SourceDate "2003.09.04"]
[SourceVersion "1"]
[SourceVersionDate "2003.09.04"]
[SourceQuality "1"]

1. d4 Nf6 2. Nf3 g6 3. Bf4 Bg7 4. Nbd2 d5 5. e3 0-0 6. Bd3 c5 7. c3 Qb6 8. Rb1 Nc6 9. 0-0 Nh5 10. Bg5 Re8 11. b4 cxb4 12. cxb4 a5 13. a3 axb4 14. axb4 Ra3 15. Bc2 Qb5 16. Qc1 Ra8 17. Rb3 e5 18. Bd3 Qa4 19. dxe5 Nxb4 20. Be2 h6 21. Bh4 g5 22. Bg3 Nxg3 23. hxg3 Bg4 24. Qc5 Bf8 25. Qb6 Bxf3 26. Bxf3 Qa6 27. Rxb4 Bxb4 28. Qxb4 Rxe5 29. Nb3 Rae8 30. Nd4 R8e7 31. Rc1 Kh7 32. Be2 Qa8 33. Bd3+ Kg8 34. Qd6 Qf8 35. g4 Re8 36. Qb6 Qa3 37. Rd1 Qa4 38. Bc2 Qa6 39. Qb3 Rb8 40. Nf5 Qe6 41. Qc3 h5 42. f4 gxf4 43. exf4 d4 44. Qg3 h4 45. Qxh4 Re2 46. Qg5+ Kf8 47. Qg7+ Ke8 48. Qh8+ Kd7 49. Qxd4+ Kc7 50. Be4 Re8 51. Qc3+ Kb8 52. Nd6 Rxe4 53. Nxe8 Qxe8 54. Qa5 Kc8 55. Rc1+ Kb8 56. Qc7+ Ka7 57. Ra1+ Ra4 58. Rb1 Qe3+ 59. Kh1 Qe4 60. Qb6+ Kb8 61. Rd1 Rc4 62. Rd8+ Rc8 63. Qd6+ Ka7 64. Qa3+ Kb8 65. Rxc8+ Kxc8 66. Qf8+ Kc7 67. Qxf7+ Kc6 68. Kh2 b5 69. g5 Qe1 70. Qf6+ Kd7 71. g6 Qe7 72. Qd4+ Ke8 73. f5 Qc7+ 74. Kh3 Kf8 75. Qh8+ Ke7 76. Qh7+ Kd6 77. Qxc7+ 1-0

[Event "EU-ch 3rd"]
[Site "Batumi"]
[Date "2002.06.24"]
[Round "12"]
[White "Kamadadze, Zviad"]
[Black "Urushadze, Davit"]
[Result "1-0"]
[WhiteElo "2225"]
[BlackElo "2272"]
[PlyCount "107"]
[EventDate "2002.06.12"]
[EventType "swiss"]
[EventRounds "13"]
[EventCountry "GEO"]
[SourceTitle "CBM 090"]
[Source "ChessBase"]
[SourceDate "2002.09.20"]
[SourceVersion "1"]
[SourceVersionDate "2002.09.20"]
[SourceQuality "1"]

1. d4 Nf6 2. c4 e6 3. Nf3 b6 4. Bg5 Bb7 5. e3 Bb4+ 6. Nc3 h6 7. Bh4 g5 8. Bg3 Ne4 9. Qc2 Bxc3+ 10. bxc3 d6 11. Bd3 Nxg3 12. fxg3 Nd7 13. 0-0 Qe7 14. Qa4 0-0 15. e4 e5 16. Rae1 f6 17. Qd1 Kg7 18. Nd2 c5 19. d5 Rh8 20. Be2 Nf8 21. Rf2 Ng6 22. Nf1 Raf8 23. Ne3 Qd8 24. Nf5+ Kh7 25. Bh5 Bc8 26. Ne3 Kg7 27. Ref1 Bd7 28. Qf3 Ne7 29. Bg4 Be8 30. Be6 h5 31. h4 g4 32. Qe2 Bg6 33. a4 Rh6 34. Nf5+ Nxf5 35. Bxf5 Bxf5 36. Rxf5 Kg6 37. Qb2 Rh7 38. Rb1 Qd7 39. Qa3 Qc7 40. Rb5 Rb8 41. Kh2 Qd8 42. Rf1 a5 43. Qb2 Rf7 44. Qf2 Qc8 45. Rfb1 Rfb7 46. Rf1 Rf7 47. Qb2 Qd8 48. Rf5 Rbb7 49. Qc2 Rh7 50. Rb1 Rhf7 51. Rbf1 Ra7 52. Qe2 Rab7 53. Rxh5 f5 54. Rfxf5 1-0

[Event "EU-ch 3rd"]
[Site "Batumi"]
[Date "2002.06.23"]
[Round "11"]
[White "Klerides, Paris"]
[Black "Kamadadze, Zviad"]
[Result "1-0"]
[WhiteElo "2210"]
[BlackElo "2225"]
[PlyCount "67"]
[EventDate "2002.06.12"]
[EventType "swiss"]
[EventRounds "13"]
[EventCountry "GEO"]
[SourceTitle "CBM 090"]
[Source "ChessBase"]
[SourceDate "2002.09.20"]
[SourceVersion "1"]
[SourceVersionDate "2002.09.20"]
[SourceQuality "1"]

1. e4 c5 2. Nf3 a6 3. Nc3 d6 4. d4 cxd4 5. Nxd4 Nf6 6. Bg5 e6 7. f4 Qb6 8. Qd2 Qxb2 9. Rb1 Qa3 10. f5 Qc5 11. fxe6 fxe6 12. Bxf6 gxf6 13. Na4 Bh6 14. Qxh6 Qa5+ 15. c3 Qxa4 16. Be2 Qa5 17. Bh5+ Kd8 18. Qxf6+ Kc7 19. Qg7+ Bd7 20. Nxe6+ Kc6 21. Nd4+ Kc7 22. Qxh8 Qxh5 23. 0-0 a5 24. Rf8 a4 25. Qf6 b5 26. Qd8+ Kb7 27. Nf5 Qe2 28. Nxd6+ Ka6 29. Nxb5 Qe3+ 30. Kh1 Qxe4 31. Rf6+ Bc6 32. Qc8+ Ka5 33. Qd8+ Ka6 34. Rxc6+ 1-0

[Event "EU-ch 3rd"]
[Site "Batumi"]
[Date "2002.06.14"]
[Round "3"]
[White "Velicka, Petr"]
[Black "Kamadadze, Zviad"]
[Result "1-0"]
[WhiteElo "2437"]
[BlackElo "2225"]
[PlyCount "114"]
[EventDate "2002.06.12"]
[EventType "swiss"]
[EventRounds "13"]
[EventCountry "GEO"]
[SourceTitle "CBM 090"]
[Source "ChessBase"]
[SourceDate "2002.09.20"]
[SourceVersion "1"]
[SourceVersionDate "2002.09.20"]
[SourceQuality "1"]

1. e4 c5 2. Nf3 d6 3. Bb5+ Nd7 4. d4 cxd4 5. Qxd4 a6 6. Bxd7+ Bxd7 7. 0-0 Nf6 8. Bg5 e6 9. Bxf6 gxf6 10. c4 Be7 11. Nc3 Rc8 12. b3 Qa5 13. Rac1 h5 14. g3 Qc5 15. Qd3 h4 16. Nxh4 Qg5 17. Ng2 Qh5 18. h4 Bc6 19. Rfe1 Kf8 20. Qe3 Qc5 21. Qxc5 dxc5 22. a4 Rd8 23. Red1 Rd4 24. Nf4 Kg7 25. Nfe2 Rhd8 26. Nxd4 cxd4 27. Nd5 exd5 28. cxd5 Bd7 29. Rxd4 Bd6 30. f4 b5 31. a5 b4 32. Rdc4 Re8 33. Kg2 Bb5 34. Rc6 Bf8 35. Kf3 Bd3 36. R1c4 Bxc4 37. Rxc4 Rb8 38. Rc6 Rb5 39. Rxa6 Rc5 40. d6 Rc3+ 41. Ke2 Rxb3 42. d7 Be7 43. Ra8 Rb2+ 44. Kd3 Rb3+ 45. Kc2 Rc3+ 46. Kd2 Rc7 47. d8Q Bxd8 48. Rxd8 Rc3 49. Rb8 Rxg3 50. Rxb4 Ra3 51. Rb5 Kg6 52. Kc2 Kh6 53. Kb2 Ra4 54. Kb3 Ra1 55. Kb4 Re1 56. a6 Rxe4+ 57. Ka5 Re7 1-0

[Event "GEO-ch I Liga"]
[Site "Tbilisi"]
[Date "2002.05.02"]
[Round "8"]
[White "Kamadadze, Zviad"]
[Black "Tsereteli, Tamari"]
[Result "1/2-1/2"]
[WhiteElo "2225"]
[BlackElo "2223"]
[PlyCount "108"]
[EventDate "2002.05.??"]
[EventType "swiss"]
[EventRounds "9"]
[EventCountry "GEO"]
[SourceTitle "EXT 2004"]
[Source "ChessBase"]
[SourceDate "2003.11.25"]
[SourceVersion "1"]
[SourceVersionDate "2003.11.25"]
[SourceQuality "1"]

1. d4 c5 2. d5 d6 3. e4 g6 4. Nc3 Bg7 5. Nf3 Nf6 6. Be2 0-0 7. Nd2 Na6 8. Nc4 Nc7 9. a4 b6 10. Bg5 Rb8 11. 0-0 a6 12. Re1 b5 13. axb5 axb5 14. Na5 Bd7 15. Bf3 b4 16. Nb1 Bb5 17. Nc6 Bxc6 18. dxc6 Ne6 19. Be3 Ne8 20. c3 Qc7 21. Qa4 Nd8 22. e5 Bxe5 23. Qa7 bxc3 24. Nxc3 Bxc3 25. bxc3 Ne6 26. Bh6 Qxa7 27. Rxa7 N8g7 28. Rxe7 Rfe8 29. Rxe8+ Nxe8 30. h4 N8c7 31. Rd1 Rd8 32. Rb1 d5 33. Rb7 d4 34. cxd4 cxd4 35. Kf1 Re8 36. Bg4 f5 37. Be2 Kf7 38. Bc4 Kf6 39. f4 Rc8 40. Ke2 Ke7 41. Bd5 Kd6 42. Bf3 Ra8 43. Bg5 Ra2+ 44. Kd1 Ra5 45. Bf6 Nxf4 46. Bxd4 Nfd5 47. Bb6 Nxb6 48. Rxb6 Nd5 49. Rb7 Kxc6 50. Rxh7 Kd6 51. Rh6 Ne7 52. Bh5 Ke5 53. Bxg6 Ra6 54. h5 Kf4 1/2-1/2

[Event "Batumi op"]
[Site "Batumi"]
[Date "2001.07.04"]
[Round "8"]
[White "Kamadadze, Zviad"]
[Black "Sulashvili, Malkhaz"]
[Result "1/2-1/2"]
[WhiteElo "2262"]
[BlackElo "2181"]
[PlyCount "138"]
[EventDate "2001.06.26"]
[EventType "swiss"]
[EventRounds "9"]
[EventCountry "GEO"]
[SourceTitle "EXT 2002"]
[Source "ChessBase"]
[SourceDate "2001.11.25"]
[SourceVersion "1"]
[SourceVersionDate "2001.11.25"]
[SourceQuality "1"]

1. d4 d5 2. c4 c6 3. Nf3 Nf6 4. Nc3 e6 5. e3 Nbd7 6. Qc2 Bd6 7. Be2 0-0 8. b3 dxc4 9. bxc4 e5 10. 0-0 Re8 11. Bb2 e4 12. Nd2 Qe7 13. Rae1 Nf8 14. f3 exf3 15. Bxf3 Ng4 16. Bxg4 Bxg4 17. e4 Ne6 18. Nb3 Rad8 19. c5 Bb8 20. Qf2 Nf4 21. Re3 Qg5 22. Rg3 Qh5 23. e5 Nd5 24. Ne4 f5 25. Nd6 Bxd6 26. cxd6 f4 27. Rxg4 Qxg4 28. Qf3 Qf5 29. Nc5 b6 30. Ne4 g5 31. h3 h6 32. Rc1 Rc8 33. Nf2 Qd7 34. Qd3 Re6 35. Ne4 Kg7 36. a4 a5 37. Qb3 Rg6 38. Nc3 g4 39. Nxd5 cxd5 40. Rxc8 Qxc8 41. h4 Qf5 42. Qc3 Kh7 43. Bc1 g3 44. Qf3 Rg4 45. Qe2 Qb1 46. Qd2 Qf5 47. Qe2 Qc8 48. Bd2 Qe6 49. Qd3+ Kh8 50. h5 Qf7 51. Qf3 Qf5 52. Kf1 Qe6 53. Ke2 Kg8 54. Bxf4 Qf5 55. Qxd5+ Kh7 56. Be3 Qc2+ 57. Ke1 Qb1+ 58. Ke2 Qc2+ 59. Ke1 Qb1+ 60. Kd2 Qb2+ 61. Kd3 Qb1+ 62. Kc3 Qe1+ 63. Bd2 Qa1+ 64. Kd3 Qb1+ 65. Kc3 Qa1+ 66. Kd3 Qb1+ 67. Ke3 Qg1+ 68. Kd3 Qb1+ 69. Ke3 Qg1+ 1/2-1/2

[Event "Batumi op"]
[Site "Batumi"]
[Date "2001.07.02"]
[Round "6"]
[White "Kamadadze, Zviad"]
[Black "Ismayilova, Parvana Khalid Qizi"]
[Result "0-1"]
[WhiteElo "2262"]
[BlackElo "2140"]
[PlyCount "64"]
[EventDate "2001.06.26"]
[EventType "swiss"]
[EventRounds "9"]
[EventCountry "GEO"]
[SourceTitle "EXT 2002"]
[Source "ChessBase"]
[SourceDate "2001.11.25"]
[SourceVersion "1"]
[SourceVersionDate "2001.11.25"]
[SourceQuality "1"]

1. d4 Nf6 2. c4 g6 3. Nc3 Bg7 4. e4 d6 5. Be2 Nbd7 6. Nf3 0-0 7. 0-0 e5 8. Re1 h6 9. Rb1 a5 10. Bf1 Re8 11. d5 Nh7 12. a3 f5 13. b4 axb4 14. axb4 f4 15. Nd2 g5 16. f3 h5 17. Bb2 Kh8 18. Ra1 Rxa1 19. Qxa1 g4 20. Nb5 Rg8 21. Qa5 Qh4 22. Re2 Ng5 23. Qxc7 Bf6 24. Kh1 gxf3 25. Nxf3 Qg4 26. Nxg5 Bxg5 27. Nxd6 f3 28. Nf7+ Kh7 29. Rf2 fxg2+ 30. Bxg2 Be3 31. Nxe5 Qd1+ 32. Bf1 Bxf2 0-1

[Event "GEO-ch U20"]
[Site "Tbilisi"]
[Date "2001.03.??"]
[Round "9"]
[White "Kamadadze, Zviad"]
[Black "Kantaria, Mikheil"]
[Result "1-0"]
[WhiteElo "2265"]
[BlackElo "2101"]
[PlyCount "83"]
[EventDate "2001.??.??"]
[EventType "swiss"]
[EventRounds "9"]
[EventCountry "GEO"]
[SourceTitle "EXT 2004"]
[Source "ChessBase"]
[SourceDate "2003.11.25"]
[SourceVersion "1"]
[SourceVersionDate "2003.11.25"]
[SourceQuality "1"]

1. c4 Nf6 2. Nc3 e6 3. e4 c5 4. e5 Ng8 5. d4 cxd4 6. Qxd4 Nc6 7. Qe4 d6 8. Nf3 dxe5 9. Nxe5 Nge7 10. Bf4 Nxe5 11. Bxe5 Nc6 12. Bf4 Bb4 13. Rc1 0-0 14. Be2 f5 15. Qe3 Qa5 16. 0-0 e5 17. Bg5 f4 18. Qe4 Bxc3 19. bxc3 Be6 20. Rfd1 Qc5 21. Bd3 Rf5 22. Bh4 g5 23. Bxg5 Re8 24. h4 Kg7 25. Qf3 h6 26. Bxf5 Bxf5 27. Qh5 hxg5 28. Qxe8 gxh4 29. Qh5 Be6 30. Qg5+ Kf7 31. Qxh4 Qxc4 32. Qh7+ Kf6 33. Qxb7 f3 34. g3 e4 35. Rd6 e3 36. Qxc6 exf2+ 37. Kh2 f1N+ 38. Kg1 Qxc6 39. Rxc6 Nxg3 40. Rxe6+ Kxe6 41. Kf2 Kd5 42. Kxg3 1-0

[Event "GEO-ch 60th 1 Liga"]
[Site "Tbilisi"]
[Date "2000.04.??"]
[Round "3"]
[White "Kamadadze, Zviad"]
[Black "Khurtsidze, Nino"]
[Result "0-1"]
[WhiteElo "2228"]
[BlackElo "2464"]
[PlyCount "74"]
[EventDate "2000.??.??"]
[EventType "swiss"]
[EventRounds "9"]
[EventCountry "GEO"]
[SourceTitle "EXT 2004"]
[Source "ChessBase"]
[SourceDate "2003.11.25"]
[SourceVersion "1"]
[SourceVersionDate "2003.11.25"]
[SourceQuality "1"]

1. d4 Nf6 2. Nf3 e6 3. e3 b6 4. Bd3 Bb7 5. 0-0 c5 6. b3 Be7 7. Bb2 Qc7 8. Nbd2 cxd4 9. exd4 Nd5 10. Re1 Nb4 11. Ne4 0-0 12. a3 Nxd3 13. Qxd3 h6 14. Rac1 d6 15. Ng3 Nd7 16. c4 Rfe8 17. Re2 a6 18. d5 e5 19. Qe3 Qd8 20. Nf5 Bf8 21. Nd2 b5 22. Qg3 Qf6 23. Qh3 bxc4 24. Ne4 Qg6 25. Rc3 Bxd5 26. Rg3 Qh7 27. Nexd6 Re6 28. bxc4 Rxd6 29. cxd5 Rxd5 30. Re1 Kh8 31. f4 Rb8 32. Bxe5 Nxe5 33. fxe5 Bc5+ 34. Kf1 Rb2 35. Rf3 Rdd2 36. Ng3 Qc2 37. Ne4 Qc4+ 0-1

[Event "GEO-ch U20"]
[Site "Tbilisi"]
[Date "2000.??.??"]
[Round "?"]
[White "Kamadadze, Zviad"]
[Black "Arutinian, David"]
[Result "0-1"]
[WhiteElo "2228"]
[BlackElo "2266"]
[PlyCount "78"]
[EventDate "2000.??.??"]
[EventType "swiss"]
[EventRounds "9"]
[EventCountry "GEO"]
[SourceTitle "EXT 2002"]
[Source "ChessBase"]
[SourceDate "2001.11.25"]
[SourceVersion "1"]
[SourceVersionDate "2001.11.25"]
[SourceQuality "1"]

1. c4 c6 2. Nf3 d5 3. Qc2 Nf6 4. g3 Bg4 5. Bg2 e6 6. 0-0 Nbd7 7. d3 Bc5 8. b3 0-0 9. Bb2 Re8 10. a3 e5 11. e4 dxe4 12. dxe4 a5 13. Nc3 Bxf3 14. Bxf3 Bd4 15. Rfd1 Qc7 16. Na4 Bxb2 17. Qxb2 b6 18. b4 axb4 19. axb4 Nf8 20. c5 b5 21. Nc3 Rxa1 22. Qxa1 Rd8 23. Qa6 Rxd1+ 24. Nxd1 Qd7 25. Ne3 g6 26. Qa1 Qe6 27. Qa8 Kg7 28. Kg2 h5 29. h3 N8h7 30. h4 Nf8 31. Qb7 N8d7 32. Qa8 Qb3 33. Qa5 Qb2 34. Nd1 Qd4 35. Qa3 Nxe4 36. Ne3 Ndf6 37. Nd1 Nd5 38. Ne3 Nxb4 39. Bxh5 Qd2 0-1

[Event "GEO-ch U20"]
[Site "Tbilisi"]
[Date "2000.??.??"]
[Round "?"]
[White "Shanava, Konstantine"]
[Black "Kamadadze, Zviad"]
[Result "1-0"]
[WhiteElo "2269"]
[BlackElo "2228"]
[PlyCount "95"]
[EventDate "2000.??.??"]
[EventType "swiss"]
[EventRounds "9"]
[EventCountry "GEO"]
[SourceTitle "EXT 2002"]
[Source "ChessBase"]
[SourceDate "2001.11.25"]
[SourceVersion "1"]
[SourceVersionDate "2001.11.25"]
[SourceQuality "1"]

1. e4 c5 2. Nf3 d6 3. d4 cxd4 4. Nxd4 Nf6 5. Nc3 a6 6. Be2 e6 7. 0-0 Be7 8. a4 Nc6 9. Be3 Qc7 10. f4 0-0 11. Kh1 Re8 12. Bf3 Rb8 13. g4 Nxd4 14. Bxd4 e5 15. fxe5 dxe5 16. Ba7 Ra8 17. g5 Rd8 18. Qe2 Ne8 19. Be3 Be6 20. Bg4 Bc4 21. Qf3 Bb4 22. Nd5 Bxd5 23. exd5 Nd6 24. c3 Bc5 25. Bc1 Re8 26. Qh3 Rad8 27. Qh4 e4 28. Bf4 Qe7 29. Rae1 g6 30. b4 Ba7 31. Bxd6 Rxd6 32. c4 e3 33. Bf3 Rd7 34. c5 Qe5 35. a5 Rxd5 36. Rxe3 Qxe3 37. Bxd5 Re7 38. Qf4 Qxf4 39. Rxf4 Bb8 40. Rf6 Rd7 41. Bf3 Bc7 42. Bxb7 Bxa5 43. bxa5 Rxb7 44. Rxa6 Rb5 45. c6 Rc5 46. Rb6 Kf8 47. a6 Ke7 48. a7 1-0

[Event "EU-ch U16"]
[Site "Tallinn"]
[Date "1997.??.??"]
[Round "5"]
[White "Kamadadze, Zviad"]
[Black "Kokarev, Dmitry"]
[Result "1-0"]
[WhiteElo "2175"]
[BlackElo "2310"]
[PlyCount "62"]
[EventDate "1997.??.??"]
[EventType "swiss"]
[EventRounds "9"]
[EventCountry "EST"]
[SourceTitle "EXT 1998"]
[Source "ChessBase"]
[SourceDate "1997.11.17"]
[SourceVersion "1"]
[SourceVersionDate "1997.11.17"]
[SourceQuality "1"]

1. d4 Nf6 2. c4 g6 3. Nc3 Bg7 4. e4 d6 5. Nf3 0-0 6. Be2 e5 7. Be3 Nbd7 8. 0-0 c6 9. d5 c5 10. Ne1 Ne8 11. Nd3 f5 12. f3 f4 13. Bf2 g5 14. a3 Rf6 15. b4 b6 16. a4 Rg6 17. a5 Rb8 18. Nb5 Ra8 19. axb6 Qxb6 20. bxc5 dxc5 21. Rb1 Ba6 22. Qa4 Rc8 23. Nd4 Qc7 24. Ne6 Qd6 25. Ndxc5 Nxc5 26. Nxc5 Bf8 27. Nxa6 Qxa6 28. Qxa6 Rxa6 29. c5 Ra2 30. Bc4 Rc2 31. Bb3 Rc3 1-0

[Event "EU-ch U16"]
[Site "Tallinn"]
[Date "1997.??.??"]
[Round "8"]
[White "Kamadadze, Zviad"]
[Black "Olsson, Anders"]
[Result "1/2-1/2"]
[WhiteElo "2175"]
[BlackElo "2280"]
[PlyCount "100"]
[EventDate "1997.??.??"]
[EventType "swiss"]
[EventRounds "9"]
[EventCountry "EST"]
[SourceTitle "EXT 1998"]
[Source "ChessBase"]
[SourceDate "1997.11.17"]
[SourceVersion "1"]
[SourceVersionDate "1997.11.17"]
[SourceQuality "1"]

1. c4 g6 2. Nc3 Bg7 3. g3 d6 4. Bg2 e5 5. e3 Nd7 6. Nge2 Ne7 7. 0-0 0-0 8. d3 a5 9. a3 f5 10. Rb1 Nf6 11. b4 axb4 12. axb4 Kh8 13. Bd2 g5 14. f4 gxf4 15. exf4 Ng6 16. Kh1 Ng4 17. Qc2 h5 18. b5 h4 19. Ng1 hxg3 20. hxg3 exf4 21. Bxf4 Nxf4 22. Rxf4 Be5 23. Rf3 Rf6 24. Nce2 Rh6+ 25. Nh3 Qe7 26. Kg1 Qg7 27. Qd2 Ra3 28. Qg5 Ra2 29. Qd8+ Qg8 30. Qxg8+ Kxg8 31. Nhf4 Rh2 32. Re1 c5 33. bxc6 bxc6 34. d4 Bg7 35. Rb3 Ba6 36. Rb8+ Kh7 37. Bf3 Rh6 38. Rc1 d5 39. cxd5 Bxe2 40. Nxe2 Rxe2 41. Rb7 Re3 42. Bxg4 fxg4 43. dxc6 Rxg3+ 44. Kf2 Rf3+ 45. Kg2 Rhh3 46. Rxg7+ Kxg7 47. c7 Rfg3+ 48. Kf2 Rf3+ 49. Kg2 Rc3 50. c8Q Rhg3+ 1/2-1/2

[Event "EU-ch U16"]
[Site "Tallinn"]
[Date "1997.??.??"]
[Round "6"]
[White "Sargissian, Gabriel"]
[Black "Kamadadze, Zviad"]
[Result "0-1"]
[WhiteElo "2295"]
[BlackElo "2175"]
[PlyCount "78"]
[EventDate "1997.??.??"]
[EventType "swiss"]
[EventRounds "9"]
[EventCountry "EST"]
[SourceTitle "EXT 1998"]
[Source "ChessBase"]
[SourceDate "1997.11.17"]
[SourceVersion "1"]
[SourceVersionDate "1997.11.17"]
[SourceQuality "1"]

1. e4 e6 2. d4 d5 3. Nd2 Nf6 4. e5 Nfd7 5. Bd3 c5 6. c3 Nc6 7. Ne2 cxd4 8. cxd4 f6 9. exf6 Qxf6 10. Nf3 h6 11. 0-0 Bd6 12. Ng3 0-0 13. Qc2 Rd8 14. a3 Nf8 15. Re1 Bd7 16. Rb1 Be8 17. b4 Rac8 18. Be3 Bg6 19. Bxg6 Nxg6 20. Qd2 Nce7 21. Rbc1 Nf5 22. Rxc8 Rxc8 23. Qd3 Rc4 24. Nd2 Nxe3 25. fxe3 Rc8 26. Rf1 Qg5 27. Nde4 dxe4 28. Nxe4 Bxh2+ 29. Kxh2 Qh5+ 30. Kg1 Nh4 31. Nc5 Qg4 32. Qd2 b6 33. Nd7 Nf5 34. Rf4 Qg3 35. Rf3 Qg5 36. Rf4 Nh4 37. Kh2 Ng6 38. Rf1 Qb5 39. Ne5 Nxe5 0-1